| 000 | 00612nam a22001697a 4500 | ||
|---|---|---|---|
| 005 | 20150730123640.0 | ||
| 008 | 150429b xxu||||| |||| 00| 0 eng d | ||
| 080 |
_a579.87(267.37) _bDEE T |
||
| 100 | _aDeepthi Augustine | ||
| 245 |
_aActinomycete isolates from Arabian sea and bay of Bengal _bbiochemical, molecular and functional characterization _cDeepthi Augustine; guided by Rosamma Philip |
||
| 260 |
_aKochi _bSchool of Marine Sciences; CUSAT _c2014 |
||
| 300 | _a298p. | ||
| 653 | _aMarine actinobacteria | ||
| 653 | _aMarine actinomycetes | ||
| 700 |
_a Rosamma Philip; guided by _918159 |
||
| 942 | _cTH | ||
| 999 |
_c82693 _d82692 |
||